000 00418nam a22001577a 4500
003 OSt
005 20251031093316.0
008 251031b |||||||| |||| 00| 0 eng d
022 _a0040-5639
100 _aMichael L. Cook, SJ
245 _aSTREETT,R. ALAN:
_bSubversive Meals
260 _aUSA,
_bSages Publications;
_c2018
300 _aP.188-189
440 _aTheological Studies
_nNo.1
_vVol.79
942 _2lcc
_cART
999 _c205000
_d204960